000 00403 a2200157 4500
001 164580
020 _a
040 _cMagnum
100 _aDias, Vera
240 1 0 _aA incrivel historia do gato chines: um cidadao pacato como voces
_lpor
245 1 0 _aA incrivel historia do gato chines: um cidadao pacato como voces
362 0 _a1899
440 1 _aDo Brasil
697 _aI/ANIMAIS
942 _cBK
999 _c164580
_d164580